000 00603nam a22002057a 4500
999 _c9268
_d9268
003 AR-CdUCM
008 190327b ||||| |||| 00| 0 spa d
040 _aMUNICIPALIDAD PROVINCIAL DEL CUSCO
_cBIBLIOTECA MUNICIPAL DEL CUSCO
082 _a309.85 /
_bG88
100 _aGuevara, Guillermo
_925365
245 _a¡Rijchari Perú, carajo!
260 _aLima :
_bCIP,
_c1972.
300 _a93 paginas ;
_c17 cm.
500 _aDonacion de la familia Nieto Dedicatoria a Luis Nieto
650 _aPoesia
_95517
650 _aLiteratura
_983
650 _aPerú
_935
942 _2ddc
_cLIBROS
945 _apjha